[Event "SF Olfen 1 - SC Steinfurt 1"]
[Site "Regionalliga Münsterland 2018"]
[Date "2018.09.29"]
[Round "2.5"]
[White "Janning, Rainer"]
[Black "Preuß, Richard"]
[Result "1-0"]
[WhiteElo "1876"]
[BlackElo "1764"]
[PlyCount "69"]
[EventDate "2018.??.??"]
[SourceDate "2018.09.09"]

1. f4 d5 2. e3 Nf6 3. Nf3 e6 4. b3 c5 5. Bb2 Be7 6. Be2 Nc6 7. O-O O-O 8. Bb5
Bd7 9. Bxc6 Bxc6 10. Ne5 Qc7 11. Rf3 Rfd8 12. d3 Rac8 13. Nd2 d4 14. Nxc6 Qxc6
15. e4 b5 16. Qe2 Ng4 17. Rh3 Ne3 18. Nf3 Qd6 19. Ne5 g6 20. Bc1 Bf6 21. Nxf7
Kxf7 22. e5 Bxe5 23. fxe5 Qxe5 24. Bxe3 dxe3 25. Re1 Kg7 26. Rxe3 Qd4 27. Kh1
c4 28. dxc4 bxc4 29. Rxe6 cxb3 30. cxb3 Rc7 31. Re7+ Rxe7 32. Qxe7+ Kh6 33. h3
Kh5 34. Qxh7+ Kg5 35. Qe7+ 1-0

[Event "SF Olfen 1 - SC Steinfurt 1"]
[Site "Regionalliga Münsterland 2018"]
[Date "2018.09.29"]
[Round "2.6"]
[White "Boenigk, Winfried"]
[Black "Schulz, Joachim"]
[Result "0-1"]
[WhiteElo "1765"]
[BlackElo "1886"]
[PlyCount "62"]
[EventDate "2018.??.??"]
[SourceDate "2018.09.09"]

1. d4 d5 2. c4 e6 3. Nc3 c6 4. Nf3 f5 5. Bf4 Nf6 6. e3 Be7 7. h3 O-O 8. Bd3 Kh8
9. Qc2 Ne4 10. Ne5 Nd7 11. f3 Bh4+ 12. Ke2 Ng3+ 13. Bxg3 Bxg3 14. Nxd7 Bxd7 15.
Raf1 dxc4 16. Bxc4 b5 17. Bd3 b4 18. Na4 e5 19. dxe5 Bxe5 20. g4 f4 21. e4 Qe7
22. Nc5 Rfd8 23. Rc1 Rac8 24. b3 Bd4 25. Ba6 Qh4 26. Nd3 Be3 27. Rcf1 Qg3 28.
Kd1 c5 29. h4 c4 30. Bxc4 Bxg4 31. Qe2 Be6 0-1

[Event "SF Olfen 1 - SC Steinfurt 1"]
[Site "Regionalliga Münsterland 2018"]
[Date "2018.09.29"]
[Round "2.7"]
[White "Wild, Helmut"]
[Black "Steffens, Gerd"]
[Result "1-0"]
[WhiteElo "1811"]
[BlackElo "1818"]
[PlyCount "85"]
[EventDate "2018.??.??"]
[SourceDate "2018.09.09"]

1. c4 e6 2. e4 b6 3. a3 Bb7 4. Nc3 c5 5. Nf3 Nc6 6. d4 cxd4 7. Nxd4 Nxd4 8.
Qxd4 Ne7 9. Bg5 f6 10. Bh4 Nc6 11. Qd2 Be7 12. Rd1 a6 13. Be2 Rc8 14. b4 Ne5
15. Qa2 O-O 16. O-O f5 17. Bxe7 Qxe7 18. exf5 Rxf5 19. f4 Ng6 20. g3 Kh8 21.
Bd3 Rf6 22. Ne4 Rff8 23. Qf2 d5 24. cxd5 exd5 25. Ng5 Qf6 26. Rfe1 Rfe8 27. Re3
h6 28. Nf3 Rcd8 29. Rde1 Rxe3 30. Rxe3 d4 31. Re1 Kg8 32. Bc4+ Kf8 33. Re6 Qf5
34. Nxd4 Qg4 35. Qe2 Qxe2 36. Nxe2 b5 37. Bb3 Ne7 38. Kf2 Rd2 39. Rb6 Rd7 40.
Be6 Rc7 41. Nd4 Nc8 42. Rxb7 Rxb7 43. Bxc8 1-0

[Event "SF Olfen 1 - SC Steinfurt 1"]
[Site "Regionalliga Münsterland 2018"]
[Date "2018.09.29"]
[Round "2.8"]
[White "Jendrich, Manuel"]
[Black "Raue, Thorsten"]
[Result "1-0"]
[WhiteElo "1831"]
[BlackElo "1792"]
[PlyCount "111"]
[EventDate "2018.??.??"]
[SourceDate "2018.09.09"]

1. e4 Nc6 2. Nc3 Nf6 3. d4 d5 4. exd5 Nxd5 5. Nxd5 Qxd5 6. Be3 Bf5 7. c3 e6 8.
Nf3 Be7 9. Be2 O-O 10. O-O Rad8 11. Qb3 b6 12. Qxd5 exd5 13. Bb5 Nb8 14. Bf4
Bd6 15. Bxd6 Rxd6 16. Rfe1 c6 17. Ba4 Be6 18. Re3 f6 19. Rae1 Kf7 20. Bc2 g6
21. h3 c5 22. Bb3 Nc6 23. dxc5 bxc5 24. Rxe6 Rxe6 25. Bxd5 Nd8 26. Kf1 Ke7 27.
Bxe6 Nxe6 28. Nd2 Kd7 29. Nc4 Re8 30. g3 Kc7 31. h4 Kd7 32. Rd1+ Kc7 33. Rd6
Re7 34. f3 f5 35. Rd2 Kc6 36. Re2 Kd5 37. Ne3+ Kc6 38. Nc4 Kd5 39. b3 Kc6 40.
Kf2 Kd5 41. f4 Kc6 42. Ne5+ Kc7 43. Nf3 h6 44. Re3 Kd6 45. Ne5 g5 46. hxg5 hxg5
47. Nc4+ Kd7 48. fxg5 Rg7 49. g6 f4 50. Rf3 fxg3+ 51. Rxg3 Nf8 52. Ke3 Ke7 53.
Ke4 Ke6 54. Ne5 Kd6 55. Kf5 Ke7 56. Rd3 1-0